[Event "Lost Boys"]
[Site "Amsterdam"]
[Date "1999.08.18"]
[Round "5"]
[White "Nikolic, Predrag"]
[Black "Avrukh, Boris"]
[Result "1/2-1/2"]
[WhiteElo "2641"]
[BlackElo "2588"]
[Annotator "Avrukh,B"]
[PlyCount "96"]
[EventDate "1999.08.13"]
[EventType "tourn"]
[EventRounds "7"]
[EventCountry "NED"]
[EventCategory "14"]
[SourceTitle "CBM 073"]
[Source "ChessBase"]
[SourceDate "1999.12.01"]
[SourceVersion "1"]
[SourceVersionDate "1999.12.01"]
[SourceQuality "1"]

1. d4 {Hazai} Nf6 2. Nf3 g6 3. g3 Bg7 4. Bg2 O-O 5. c4 d6 6. O-O c5 7. d5 b5 8.
cxb5 a6 9. bxa6 Bf5 (9... Nbd7 10. Nc3 Nb6 $5) 10. Nfd2 {Looks, like the most
promising continuation for white in this variation} (10. Nc3 {Hazai: see
Ljubojevic-Avrukh, CBM 73 with the survey on this whole variation.}) 10... Nxa6
11. Nc3 Nb4 {Black using the fact, that e2-e4 advance is not very good for
white, because of weakens d3-square and create some interesting counterplay on
the queenside;} 12. Nc4 Bc2 (12... Nc2 $2 13. Rb1 (13. e4 Nxe4 $1) 13... Nd4
14. e4 Bc8 15. b4 $1) 13. Qd2 Ng4 $2 {Very bad theoretical move, that simply
losses the tempi , and of course in such position, with pawn-dawn and very
risky opening play for black, it's like a losing of the opening battle. Hazai:
'This looks a bit dubious now.'} (13... Bb3 {was very interesting} 14. Na3 Bxd5
15. Nxd5 Nbxd5 (15... Nfxd5 $143 16. Nc4 e6 17. a3 $16 {[%cal Ga1b1]} (17. e4
Nb6 18. Nxd6 Be5 19. Rd1 Rxa2 $36)) 16. Nc4 e6 17. e4 Nb4 (17... Nb6 18. Nxd6
$16) 18. e5 (18. Nxd6 Rxa2 $11) 18... dxe5 19. Bxa8 Qxa8 20. Qe2 e4 21. Be3 Nd3
$44 {with very complicated position.}) ({After this game public attention will
move towards} 13... Bb3 {Hazai again.}) 14. Na3 Bf5 15. h3 Nf6 16. Nc4 $1 $16 {
[%mdl 8] Very simple and very strong imrovement,which simply refute black
strategy in the opening. '!' Hazai. Hazai: 'This is a rather strong novelty
ignoring Black's threats on >< c2.'} (16. e4 {[%csl Gd3]} Bc8 {[%cal Gc8a6]}
17. Rd1 {1-0 Drasko,M-Petronic,J/Belgrade 1998/CBM 64/[Hazai] (41)} Ba6 $44) (
16. g4 Bc8 17. Nc4 h5 18. g5 Nd7 19. a3 Nb6 20. Ne3 (20. Nxb6 Qxb6 21. Rb1 Na6
$44) 20... e6 21. dxe6 Bxe6 22. Rb1 Na2 23. Ne4 Nxc1 24. Rfxc1 Bd4 $44 {
Drasko-Smirin, Kranjevo 1996}) 16... Nc2 {Hazai: 'Black has to take up the
gauntlet, otherwise his pieces will be gradually pushed back.'} (16... Bc2 {
Maybe objectively the best move in this position,but psycollogically it was
impossible for me to made this move and agreed with fact,that Ng4-move is
simply lose of two tempies!}) (16... Qb8 {Hazai} 17. Ne3 Bd7 (17... Bc8 18. a3
Nd7 19. Rb1 Na6 20. Qc2 $16 {consolidating the position with a healthy P up.})
18. a3 Rc8 19. Rb1 Na6 20. b3 Ne8 21. Nc4 $16 {controlling the vital c4 square.
}) (16... Qc7 {Hazai} 17. e4 (17. Ne3 Bd7) 17... Bc8 18. b3 ({or} 18. a3 Ba6
19. b3 {with transposition.}) 18... Ba6 19. a3 (19. Bb2 Nd7 20. a3 Bxc4 21.
bxc4 Ne5 {gives some tactical chances for Black.}) 19... Nd7 20. axb4 cxb4 21.
Rxa6 $18) 17. g4 $1 (17. Rb1 $2 Nd4 18. e4 {'?' Hazai.} Bxh3 $1 {[%csl Rf3]}) (
17. e4 $143 Nxe4 $1 (17... Nxa1 18. exf5 gxf5 19. Qd3 Ne4 20. Nxe4 fxe4 21. Qb1
Ra4 22. b3 {/\ Bb2 and the N falls without any compensation.}) 18. Nxe4 (18.
Bxe4 {Hazai} Bxe4 19. Nxe4 Nxa1 20. Nc3 (20. b3 Qc8 $1 {The same idea again!}
21. Nb6 Qxh3 22. Nxa8 Rxa8) 20... Qc8 $1 21. Nb6 Qxh3 22. Nxa8 Rxa8 23. Qe2 Qf5
{and the N will escape.}) 18... Nxa1 {[%csl Ga2]} 19. b3 Ra6 {[%cal Gd8a8]} (
19... Bxe4 20. Bxe4 Qc8 $1 {This is an unexpected idea to change the course of
the game.} 21. Nb6 Qxh3 22. Nxa8 Rxa8 {and it is very difficult to catch the
a1 N!} 23. Qe2 Bd4) 20. Nc3 $140 Nc2 21. g4 Bxc3 22. Qxc3 Nd4 $17 {[%cal Gd4e2]
}) 17... Nxa1 18. gxf5 {[%csl Ga1]} gxf5 19. Ne3 {Hazai: 'Black's position
looks horrible, so it is easy to lose the sense of danger.'} (19. b3 $1 {
[%cal Gc1b2]} Qb8 (19... Ne4 20. Bxe4 fxe4 21. Bb2 Nxb3 (21... Qd7) 22. axb3
Qd7 23. Kh2 $16 {[%cal Gf1g1]}) 20. Ne3 $1 (20. Bb2 $143 Nxb3 21. axb3 Qxb3 $44
) 20... Ne4 21. Nxe4 fxe4 22. Nf5 $18) (19. Qd3 $1 {Hazai looked stronger in
view of} Ne4 20. Nxe4 $1 (20. Bxe4 fxe4 21. Qb1 {White can win the trapped N,
but his Q will be completely outplaced.} Qc8 $36) 20... fxe4 21. Bxe4 (21. Qb1
f5 22. Qxa1 Ra4 $44) 21... Rxa2 22. Qf3 $40 {/\ Qf5 with good attacking
chances on the >>.}) 19... Qd7 (19... Ne4 20. Nxe4 fxe4 21. Nf5 {[%cal Gd2g5]}
Bf6 (21... e6 22. Nxg7 Kxg7 23. b4 $1 $18 {[%cal Gc1b2]}) 22. Qh6 {[%csl Gh7]
[%cal Gc1g5,Gg2e4] and white wins '+/-' Hazai.} (22. b3 $16 {Hazai})) 20. Qd3 (
{In case of} 20. b3 {Hazai} Ne4 21. Nxe4 fxe4 {Black can hold the position.})
20... Ne4 (20... f4 $2 21. Nf5) 21. Nxf5 (21. Nxe4 $5 fxe4 22. Bxe4 (22. Qb1 $6
f5 23. Qxa1 f4 $40 {[%cal Gf4f3] '©' Hazai. Hazai: 'with some tactical chances
because of White's passive pieces.'} (23... Qb5 $44 {with some tactical
chances because of White's passive pieces.})) (22. Qxe4 {Hazai} Rxa2 (22... Qa4
23. Qxe7) (22... Ra4 23. Qb1) 23. Nf5 Kh8 {and still it is not easy to show
some real for White.} (23... Ra4 $2 {founders on} 24. Qf3 Kh8 ({or} 24... Bf6
25. Bh6 $18) 25. Nxg7 Kxg7 26. b3 Ra2 27. Bb2+ $18)) 22... Qxh3 (22... Rxa2 23.
Bxh7+ Kh8 {Hazai: 'and it is not easy to reinforce the ->.'} 24. Nc4 $16 {
[%csl Ga1,Rh8]} (24. Qe4 {[%cal Ge4h4]} Ra4)) 23. Bf5 Qh4 24. Kg2 {[%cal Gf1h1]
} e6 25. dxe6 fxe6 26. Bxe6+ Kh8 27. Ng4 {[%cal Gf1h1]} Ra4 28. e4 $40) 21...
Qxf5 (21... Nxc3 {Hazai is also not an easy game for White, but at the end
after} 22. bxc3 $1 (22. Nxg7 Kxg7 23. Qxc3+ f6 24. b3 Rxa2 25. Bb2 Nxb3 26.
Qxb3 Qa4) (22. Bh6 Nxe2+) 22... Rxa2 23. Be4 Kh8 24. Bh6 Bxh6 25. Nxh6 Nb3 26.
Kh2 Ra1 27. Rxa1 Nxa1 28. c4 {White's pressure is strong on the >>.}) 22. Bxe4
Qe5 {Hazai: 'Black has huge defensive resources now.'} (22... Qh5 23. Bd2) 23.
Bd2 $2 {[%mdl 8192]} (23. Qb1 $142 Qh5 (23... Rfb8 24. Qxa1 Rb4 25. Qb1 $18)
24. Bd2 Qxh3 25. Bg2 $16) (23. Kh1 {Hazai} f5 24. Bg2 Rfb8 $132) 23... Rfb8 $1
{[%mdl 256]} 24. Rxa1 {Hazai: 'So White has won the N, but Black's pieces are
extremely active now.'} (24. b3 Nxb3 25. axb3 Rxb3 26. Rc1 Raa3 27. Bxh7+ Kh8
$11) (24. Rb1 {Hazai} Rb4) 24... Rxb2 {Hazai: '/\ Rxd2'} 25. Be1 Ra3 {Hazai:
'Black's pieces dominate the whole board.'} 26. Kf1 {Hazai: 'avoiding Qg5+,
but allowing Black to go for a slightly worse _|_ with ^-.'} (26. Rc1 $140 $4
Qg5+ $19 {[%cal Gg5c1]}) 26... Rxc3 (26... h6 $143 27. Rc1 Qf4 28. e3 $16) 27.
Bxc3 Qxc3 28. Bxh7+ Kh8 (28... Kf8 29. Qxc3 Bxc3 30. Rc1 $14 {[%cal Gc1c2]})
29. Be4 (29. a4 {Hazai} c4) 29... c4 {Hazai: 'This o^ forces White to go for
the _|_.'} (29... Rxe2 $2 30. Qxc3 Bxc3 31. Kxe2 Bxa1 32. Kd3 $18 {[%csl Ga2]})
30. Qxc3 Bxc3 31. Rc1 Ba5 $6 $138 {Only complicate matters for me, quite easy
draw was after:} (31... Bf6 $142 32. a4 (32. Rxc4 Rxa2 $11) 32... c3 (32... Rb4
33. Bc2 Rb2 34. Bf5) 33. Bd3 Ra2 34. Bc2 e6 35. dxe6 fxe6 36. e3 d5 37. Ke2 e5
{and black holding position;}) 32. Rxc4 (32. a4 Rb4 (32... c3 33. e3 Ra2 34.
Bc2 Bb4 35. Bb3 Rb2 36. Bc4) 33. Bc2 Rb2 {[%cal Ga5d2]} 34. Bf5 Rb4 35. Bd7 c3
$11) 32... Rxa2 {'=' Hazai. Hazai: 'This _|_ with ^- is not enough for a win!'}
33. Bf3 {now i have some problems with my bishop,because i couldn't
immediately to activate my bishop on diagonal a1-h8 .} Ra3 34. Re4 (34. Rf4 Kg7
35. Bh5 Rxh3 36. Rxf7+ Kg8 37. Rf5 Bc3 $11) 34... Bd8 35. Kg2 (35. h4 Ra7 36.
Rf4 Kg7 37. Bh5 e6 38. dxe6 fxe6 {and black must hold this position without
any problems;}) 35... Kg7 {In spite of very passive black bishop,white
couldn't create serious problems for black.} 36. Bh5 (36. Rg4+ Kh6 (36... Kf8
$2 37. h4) 37. Rf4 Kg6 (37... Kg7 38. Bh5 f6 39. Bg4 $16) 38. h4 Ra8 39. h5+
Kg7 40. h6+ Kxh6 41. Rxf7 Kg6 42. Rf8 Rb8 {[%cal Gd8c7]} 43. Re8 Kf6) 36... Ra5
$1 37. Bf3 Kf8 38. Rf4 Bb6 39. h4 Kg7 40. e3 Ra8 41. Re4 Rh8 $11 42. Rxe7 (42.
h5 Kf6) 42... Rxh4 43. Rd7 Bc5 44. Kg3 Rh8 45. Rb7 Kf6 46. Bg4 Re8 47. Bh5 Re7
48. Rxe7 Kxe7 1/2-1/2

[Event "Lost Boys"]
[Site "Amsterdam"]
[Date "1999.08.20"]
[Round "7"]
[White "Ljubojevic, Ljubomir"]
[Black "Avrukh, Boris"]
[Result "0-1"]
[WhiteElo "2570"]
[BlackElo "2588"]
[Annotator "Avrukh,B"]
[PlyCount "144"]
[EventDate "1999.08.13"]
[EventType "tourn"]
[EventRounds "7"]
[EventCountry "NED"]
[EventCategory "14"]
[SourceTitle "CBM 073"]
[Source "ChessBase"]
[SourceDate "1999.12.01"]
[SourceVersion "1"]
[SourceVersionDate "1999.12.01"]
[SourceQuality "1"]

1. d4 {Hazai} Nf6 2. c4 g6 3. Nf3 Bg7 4. g3 O-O 5. Bg2 d6 6. O-O c5 7. d5 b5 {
Hazai: 'This is the active way of handling this position. Black wants to get
an interesting version of the Benko Gambit with strong pressure on the << for
the P.'} (7... e6 {Hazai} 8. Nc3 ({Here Black has to reckon with} 8. dxe6 Bxe6
9. Ng5 {as well.}) 8... exd5 9. cxd5 {leads to the g3 Benoni.}) (7... Na6 {
Hazai} 8. Nc3 Nc7 {is rather passive and lost his adherents these days.}) (7...
a6 {Hazai} 8. a4 {prevents already Black from the Benko Gambit, so he can
transpose to the g3 Benoni after} e6 (8... e5 9. a5 $1) 9. Nc3 (9. dxe6 {
is not so promising here because of} Bxe6 10. Ng5 Bxc4 11. Bxb7 Ra7) 9... exd5
10. cxd5) 8. cxb5 a6 9. bxa6 Bf5 {Hazai: 'Black is fighting for the e4 square
preparing Ne4.'} (9... Nbd7 {Hazai This move order is against the dangerous
Qc2 Rd1 setup.} 10. Nc3 Nb6 {/\ Bxa6 is a transposition to the Benko Gambit.})
(9... Bxa6 {Hazai is not so precise in view of} 10. Nc3 Nbd7 11. Qc2 Nb6 12.
Rd1 {and White has successfully regrouped his pieces transposing to a
favourable Benko Gambit for White.}) 10. Nc3 {Hazai: 'This allows the freeing
move'} (10. Nfd2 Nxa6 11. Nc3 Nb4 {Hazai: 'Black wants to make profit from the
>< c2.'} 12. Nc4 (12. e4 $2 {[%csl Rd3]} Bc8 {[%cal Gc8a6]}) (12. a3 Bc2 13.
Qe1 Nd7 {White's position is very passive now.} 14. Na2 Qc7 15. Ne4 Nxa2 16.
Rxa2 Bb3 17. Ra1 Bxd5 $13 {Tregubov-Delemarre, Groningen 1997}) 12... Bc2 13.
Qd2 Ng4 (13... Bb3 {Hazai} 14. Na3 Bxd5 15. Nxd5 Nbxd5 16. Nc4 e6 17. a3 {
This is slightly better according to Damljanovic. However after} Ra6 $5 18. e4
Nc7 {Black has good counterchances.}) 14. Na3 Bf5 15. h3 Nf6 16. Nc4 $1 {
Hazai: '- P.Nikolic-Avrukh, CBM 73, this is the critical line now!'} (16. g4 $6
Bc8 17. Nc4 h5 $1 18. g5 Nd7 19. a3 Nb6 20. Ne3 e6 21. dxe6 Bxe6 22. Rb1 Na2
23. Ne4 Nxc1 24. Rfxc1 Bd4 $15 {Drasko-Smirin, Kranevo 1996}) 16... Nc2 17. g4
Nxa1 18. gxf5 {With clear advantage for white 1/2-1/2 Nikolic,P-Avrukh,B/
Amsterdam NED 1999 (48)}) (10. Ne1 $6 Nbd7 11. Nc3 Nb6 12. e4 $6 {[%csl Gd3]}
Bc8 13. Nd3 (13. f3 Bxa6 14. Rf2 Nfd7 15. Nc2 Ne5 $15) 13... Bxa6 14. Re1 Nfd7
15. f4 Nc4 16. Bh3 {(Kakageldyev-Nenashev, Calcutta op 1996)} Ra7 17. Ne2 Qa5
$17) (10. h3 {Hazai} Nxa6 11. g4 {gives back the P without getting anything
real for that.} Bxb1 12. Rxb1 Nc7 13. a3 Nfxd5 14. Nh2 e6 15. g5 Rb8 $13 {
P.Nikolic-Topalov, Monte Carlo 1998}) 10... Ne4 11. Nb5 (11. Nxe4 Bxe4 12. Nd2
Bxg2 13. Kxg2 Nd7 (13... Rxa6 14. Nc4 Nd7 15. e4 Qa8 16. a4 Rb8 17. Ra3 Nb6 18.
Nxb6 Raxb6 19. b3 Rb4 $44 {0-1 Nikolic,P-Kasparov,G/Paris 1994/CBM 43 ext (47)}
) 14. Nc4 (14. Rb1 {Hazai} Qa5 15. a3 Qxa6 16. b3 {(Burmakin-Nikolaidis,
Koszalin 1999)} Nb6 $1 17. e4 f5 $1 $44 {weakening the >< d5 P}) 14... Nb6 15.
Qd3 (15. Nxb6 Qxb6 $44) 15... Nxc4 16. Qxc4 Qb6 17. Rb1 Qxa6 (17... Rfb8 $5)
18. Qxa6 Rxa6 19. a3 $14 {1-0 Tregubov,P-Fedorov,A/Krasnodar 1997/CBM 59})
11... Nxa6 ({Also possible} 11... Rxa6 12. Nh4 Bd7 {Hazai: 'This is the point!'
} 13. Qd3 Ra4 $1 14. Na3 Nf6 15. Nc2 Na6 16. b3 c4 {with nice compensation for
black 1/2-1/2 Stohl,I-Stocek,J/CZE-chT 9697 1997/EXT 97 (53) '©' Hazai. Hazai:
'and White cannot consolidate his position, Stohl-Stocek, Czech chT 1997.'})
12. Nh4 {[%mdl 8]} (12. a4 Nb4 13. Ra3 (13. Nh4 Bd7) 13... Nf6 {Hazai: '>< d5,
/\ Be4'} 14. Ne1 Qb6 15. h3 Be4 16. Bxe4 Nxe4 17. Nc2 Qb7 18. Nxb4 cxb4 19. Re3
f5 20. b3 Nc3 21. Nxc3 bxc3 $44 {0-1 Nikolic,P-Anand,V/Monaco 1996/EXP 52 (56)
Hazai: 'with a strong o^ on c3, and pressure against >< b3 P,}) 12... Bd7 13.
Bxe4 (13. a4 Nb4) 13... Bxb5 {I think this position is in black's favour to
compare with normal positions of Volga Gambit:white hasn't khight on c3-very
important defender of Queenside,also knight on h4 is misplaced,on the other
side black has the same pressure on the queenside.} 14. Rb1 {with idea to move
bishop from c1} (14. Bd2 Nb4 $1) 14... c4 (14... Qd7 $5 {[%cal Gf8b8]}) 15. a3
(15. b4 $143 Nc7 {[%csl Ga2]} 16. a3 Ba4 $36 {[%cal Gc7b5]}) 15... Nc5 16. Bc2
Na4 $1 {[%csl Gb2] Very important move in my strategy,now all the play starts
around the d4-square, if white manage to put knight or bishop on d4 white will
be clearly better.} 17. Nf3 {[%cal Gf3d4]} Qb6 18. Be3 Qb7 {once again white
cannot playBd4 or Nd4,because d5-pawn is hanging.} 19. Qd2 Rfc8 (19... c3 $2
20. bxc3 Nxc3 (20... Bxc3 21. Rxb5 $1 (21. Qc1 Rfc8 22. Bd3 Bb2 23. Qxb2 $1
Nxb2 24. Rxb2 Qxd5 25. Rxb5 $16) 21... Qxb5 22. Bxa4 Bxd2 23. Bxb5 Bxe3 24.
fxe3 Rxa3 25. Kf2 $16) 21. a4 Nxa4 22. Nd4 Bxd4 23. Qxd4 $16) 20. Bh6 Bf6 ({
nothing gives} 20... c3 21. bxc3 Bxc3 22. Qe3) (20... Bh8 {also deserve
serious attention}) 21. Bg5 Bg7 22. Nd4 {Hazai: 'It is not easy to strengthen
White's position.'} (22. Bh6 $5) (22. Bxa4 {Hazai} Bxa4 23. e4 Rab8 {with
strong pressure on the b <-> against >< b2.}) 22... Qxd5 23. Nxb5 Qxb5 24. Bxa4
(24. Bxe7 {also doesn't look very promising for white} Nxb2 25. Qxd6 c3 {
[%csl Ge2]} 26. Rfe1 Qe8 $1 {[%cal Gb2c4]}) 24... Qxa4 (24... Rxa4 $143 25.
Bxe7 d5 26. Bb4 $16) 25. Bxe7 Rab8 $1 {The key move in the game, in spite of
pawn dawn black is not worse at all.} 26. Rfc1 $2 {[%mdl 8192] Tactical
blunder, after which white losses a piece Hazai: '[#] This is a serious
blunder, after which White cannot save the game.'} (26. Bxd6 Rd8 27. Qf4 (27.
e4 Qe8 $1 (27... Rb6 28. e5 Bxe5 29. Qe3 Rbxd6 30. Qxe5 Rd2 $44)) 27... g5 $1 {
[%csl Gd6]}) (26. Qxd6 $1 {was the best move for white} Qe8 $5 {[%cal Gg7b2]} (
26... Rxb2 27. Rxb2 Bxb2 28. Bf6 $11 (28. Bf6 {Hazai} Bxf6 29. Qxf6 c3 {
the o^ c is rather dangerous in a practical game.})) (26... Bxb2 27. Bf6 Qxa3
28. Qxa3 Bxa3 29. Rxb8 Rxb8 30. Ra1 $11) 27. e3 Bxb2 28. Bf6 Rc6 29. Qxb8 $1
Qxb8 30. Bxb2 Rb6 31. Be5 {and white hold position easily}) 26... c3 $1 {
[%mdl 64]} 27. bxc3 Rxb1 28. Rxb1 Qe4 $1 {[%csl Gb1,Ge7]} 29. Rb6 Qxe7 30. Rxd6
Bxc3 31. Qd3 {It's difficult to believe, that this position not so easy to win.
I felt it during the game, but still i think i overcomed tecnical difficulties
quite convincely.} Be5 32. Rd7 Qf6 33. a4 Rc5 34. Rd5 Rc1+ 35. Kg2 Qc6 36. Qb5
Bf6 37. Qxc6 Rxc6 {[%cal Gc6a6]} 38. Ra5 Kf8 39. Ra8+ Ke7 40. e3 Kd7 41. Rf8
Ke6 42. Ra8 Rc7 43. Ra6+ Ke7 44. Ra8 Bc3 {[%cal Gc7c5,Gc5a5]} 45. g4 Rc5 46.
Ra7+ Ke6 47. Ra6+ Ke7 (47... Kd5 $143 48. Ra7) 48. Ra7+ Kf6 49. h3 (49. Ra6+
Kg7) 49... Ra5 50. Rc7 Be5 51. Rc4 {Now it's more easy for me to improve my
position,when white a-pawn is protected from the 4-rank.} Bd6 {[%cal Gf6e6,
Ge6d5]} 52. Re4 Rd5 53. Re8 Ra5 54. Re4 h6 (54... h5 $5 {[%cal Gh5h4]}) 55. Kf1
Ra8 56. Kg2 Rb8 {[%cal Gb8b4]} 57. Rd4 Ke6 58. Rd2 Be5 59. Rc2 Ra8 60. Rc4 (60.
Ra2 {too passive} Kd5 61. Kf3 (61. a5 $2 Ra6 {[%csl Ga5][%cal Ge5c7]}) 61...
Kc4 {[%cal Ge5c3,Gc4b3]}) 60... Kd5 61. Rb4 Rb8 62. Rxb8 Bxb8 63. a5 (63. Kf3
Bc7 {easily winning for black.}) 63... Kc5 64. h4 Kb5 65. h5 Kxa5 66. f4 (66.
hxg6 fxg6 67. f4 Kb5 68. Kf3 Bc7 $8 (68... Kc5 $140 69. g5 hxg5 (69... h5 70.
e4 $11 {[%cal Gf4f5]}) 70. Kg4 $1 $11) 69. Ke4 {create more difficulties, but
still black wins after} Kc6 70. f5 g5 71. f6 Bd6 72. Kf5 Kd5 73. e4+ Kd4 74.
Ke6 Be5 75. f7 Bg7 76. Kf5 Bf8 77. e5 Kd5 78. Kf6 Kc6 79. Kf5 Kd7 80. Kf6 Kc7
81. Kf5 Kd8 82. Kf6 Kd7 {and black wins}) 66... gxh5 67. gxh5 Kb4 $1 {[%cal
Gb4c3,Gc3d2] now it's easy winning for me} 68. Kf3 Kc3 69. Ke4 Kd2 70. Kf5 Kxe3
71. Kf6 Kxf4 72. Kxf7 Kg5 0-1